[Event "ROU-chT Men Superliga 2018"]
[Site "Sovata"]
[Date "2018.11.30"]
[Round "7"]
[White "Petrisor, Adrian-Marian"]
[Black "Popescu, Daniel-Vasilica"]
[Result "1/2-1/2"]
[WhiteElo "2425"]
[BlackElo "2131"]
[Annotator "TA"]
[PlyCount "126"]
[EventDate "2018.11.24"]
[EventType "team-tourn"]
[EventCountry "ROU"]
[SourceTitle "playchess.com"]
[Source "ChessBase"]
[SourceQuality "1"]

{[%evp 18,126,16,14,26,2,8,5,4,0,0,0,10,-23,12,0,127,-33,-29,-48,-46,-65,-81,-142,-140,-124,-137,-142,-108,-113,-110,-122,-72,-84,-91,-88,-89,-97,-89,-162,-85,-85,-87,-164,-171,-156,-110,-139,-115,-168,-166,-165,-155,-164,-127,-138,-137,-137,-129,-215,-208,-208,-207,-202,-207,-183,-115,-161,-167,-160,-168,-157,-163,-192,-197,-210,-182,-186,-155,-151,-102,-110,-21,-21,-21,-44,0,0,0,0,0,0,0,0,0,0,0,0,0,0,0,0,0,0,0,0,0,0,0,0,0]} 1. Nf3 g6 2. e4 Bg7 3. d4 d6 4. Bc4 Nf6 5. Qe2 O-O 6. e5 dxe5 7. dxe5 Nd5 8. h3 c6 9. O-O b5 10. Bb3 {LiveBook: 10 Games. B04: Alekhine's Defence: 4 Nf3} e6 (10... a5 11. Rd1 e6 12. a3 a4 13. Ba2 Nd7 14. Nc3 Qc7 15. Bxd5 cxd5 16. Nxb5 Ba6 17. Nxc7 Bxe2 {1-0 (42) Bacrot,E (2720)-Kasimdzhanov,R (2700) Dubai 2014}) 11. c4 bxc4 12. Bxc4 Nd7 13. b3 $146 ({Predecessor:} 13. Re1 Qc7 14. Nbd2 Bb7 15. Nb3 c5 16. Bb5 Rfc8 17. Bxd7 Qxd7 {½-½ (40) Petr,J (2020)-Zizka,P (1905) Kouty nad Desnou 2017}) 13... Bb7 14. Bb2 a5 15. Nbd2 Nf4 16. Qe3 Bh6 (16... Nd5 $11 {remains equal.} 17. Bxd5 cxd5) 17. Qc3 $2 (17. Nh2 $1 $16) 17... Nb6 $15 18. Qc2 Nxc4 19. bxc4 c5 $36 {[%mdl 2048] Threatens to win with ...Nxg2! White is under strong pressure.} 20. Rad1 {[#]} ({Better is} 20. Rfd1) 20... Qd3 $1 $17 {[%cal Rd3c2]} 21. Qxd3 Nxd3 22. Bc3 a4 23. Rb1 Bc6 24. Rb6 Rac8 25. Rfb1 Bxd2 26. Nxd2 Nf4 {Hoping for ...Ne2+.} 27. Ba5 Bxg2 28. Rd6 (28. h4 $17) 28... Ba8 (28... Bxh3 $19 29. Rb7 Rb8) 29. Kh2 Ne2 30. Nf1 (30. Bb6 $17 {was worth a try.}) 30... Nd4 31. Bc3 Nf5 32. Rdd1 Rfd8 33. Ne3 (33. Rxd8+ $17 Rxd8 34. Ba5) 33... Nxe3 $19 34. fxe3 Be4 35. Rbc1 Rd3 36. Rxd3 Bxd3 $17 {[%mdl 4096] Endgame KRB-KRB} 37. Bb2 Kg7 38. Ba3 {[#]} (38. Kg3 $17) 38... g5 $1 $19 39. Kg3 Kg6 40. h4 h6 {[%cal Bh7h6,Bh6h5][%mdl 32]} 41. hxg5 Kxg5 ({Black should play} 41... hxg5 $19 42. Kg4 Be2+ 43. Kg3 Kf5) 42. e4 Bxe4 43. Rf1 Bf5 44. Bc1+ Kg6 45. Rh1 h5 46. Be3 Rd8 47. Kf4 Rb8 48. Rg1+ Kh7 49. Kg5 Rg8+ (49... Bg6 $17 50. Rf1 Rb2) 50. Kxh5 $11 Bg6+ 51. Kg5 Kg7 (51... Bb1+ $5 52. Kf6 Rxg1 53. Bxg1 Bxa2 $15) 52. Bxc5 {The position is equal.} Rc8 53. Be7 {c5 is the strong threat.} Rxc4 54. Rd1 {White threatens Bf6+ and mate.} Rc8 $1 55. Bf6+ Kg8 56. a3 (56. Rh1 {keeps more tension.} Bh7 57. Rh4 Ra8 58. a3 Ra5 59. Kh6) 56... Kf8 57. Rd4 Bc2 58. Bd8 (58. Rd7 {with more complications.} Ke8 59. Ra7 Rc4 60. Re7+ Kd8 61. Rxe6+ Kc8 62. Re8+) 58... Ke8 59. Bf6 Bb3 60. Kh6 Ra8 61. Rd6 Bd5 62. Kg7 Rb8 63. Ra6 Ra8 {Accuracy: White = 52%, Black = 66%.} 1/2-1/2

[Event "ROU-chT Men Superliga 2018"]
[Site "Sovata"]
[Date "2018.11.30"]
[Round "7"]
[White "Carmaciu, Lucian-Catalin"]
[Black "Nevednichy, Vladislav"]
[Result "1/2-1/2"]
[WhiteElo "2374"]
[BlackElo "2529"]
[Annotator "TA"]
[PlyCount "71"]
[EventDate "2018.11.24"]
[EventType "team-tourn"]
[EventCountry "ROU"]
[SourceTitle "playchess.com"]
[Source "ChessBase"]
[SourceQuality "1"]

{[%evp 13,71,0,27,-18,-19,-22,-15,-26,-26,-38,-27,-39,-1,-27,0,-59,-46,-65,-64,-138,-118,-125,-52,-14,-20,-29,-12,-12,-9,-5,-10,-10,0,-1,0,0,-6,-12,-7,0,0,-6,-6,-6,0,-9,-8,-10,-9,-15,-10,-14,-2,-4,0,0,0,0,23,0]} 1. d4 Nf6 2. Nf3 e6 3. Nbd2 c5 4. e3 {[%cal Be2e3,Be3e4,Be4e5][%mdl 32]} b6 5. c3 Bb7 6. Bd3 Be7 7. O-O O-O {LiveBook: 95 Games} 8. dxc5 {A47: 1 d4 Nf6 2 Nf3 b6: Torre, London and Colle Systems} bxc5 9. e4 d5 10. e5 {The position is equal.} Nfd7 11. Re1 Nc6 12. Nf1 a5 13. Bc2 $146 ({Predecessor:} 13. Ng3 Ba6 14. Bc2 Rb8 15. Nh5 g6 {1-0 (58) Haria,R (2424)-Oparin,G (2622) Batumi 2018}) 13... Ba6 14. h4 (14. Qd2 $11) 14... Bxh4 15. N1h2 Be7 16. g3 ({Better is} 16. Qd2 $15) 16... d4 17. cxd4 Nxd4 ({Black should try} 17... cxd4 $17 18. Be4 Qb6 19. Bxc6 Qxc6 20. Nxd4 Qb6) 18. Nxd4 $15 cxd4 19. Qxd4 Qc7 20. Qe4 {[%csl Gc2][%cal Re4h7] [#]} g6 {White must now prevent ...Rfc8.} 21. Bh6 Bb7 22. Qe2 Rfc8 ({Weaker is} 22... Qc6 23. Be4 $16) 23. Be4 Bxe4 24. Qxe4 Qc2 25. Rad1 Qxe4 26. Rxe4 Nb6 27. Re2 Rc4 28. Nf3 Nd5 29. Kf1 Bf8 30. Bxf8 Kxf8 31. Ng5 Kg7 32. Rd3 Rb8 33. Rf3 Rb7 34. Ne4 Rc1+ 35. Kg2 a4 36. Nf6 {Accuracy: White = 53%, Black = 54%.} 1/2-1/2

[Event "ROU-chT Men Superliga 2018"]
[Site "Sovata"]
[Date "2018.11.30"]
[Round "7"]
[White "Baratosi, Daniel"]
[Black "Dobre, Mihai"]
[Result "1-0"]
[WhiteElo "2373"]
[BlackElo "2104"]
[Annotator "TA"]
[PlyCount "115"]
[EventDate "2018.11.24"]
[EventType "team-tourn"]
[EventCountry "ROU"]
[SourceTitle "playchess.com"]
[Source "ChessBase"]
[SourceQuality "1"]

{[%evp 26,115,28,0,79,36,120,50,50,50,50,58,51,50,49,14,54,52,59,72,67,14,91,57,58,68,60,54,141,0,41,4,5,0,0,0,0,-66,0,0,0,0,0,0,0,0,0,0,33,23,47,0,29,31,72,68,91,91,91,75,79,79,91,80,81,80,91,91,115,92,104,104,116,83,106,88,88,83,154,92,120,126,123,126,131,53,55,58,122,45,499,499]} 1. e4 c5 2. Nf3 d6 3. d4 cxd4 4. Nxd4 Nf6 5. Nc3 a6 6. Bg5 e6 7. f4 {[%cal Bf2f4,Bf4g5][%mdl 32]} Be7 8. Qf3 Nbd7 9. O-O-O Qc7 10. Bd3 h6 11. Bh4 g5 12. fxg5 Ne5 13. Qe2 Nfg4 14. Nf3 {LiveBook: 177 Games. B99: Sicilian Najdorf: 6 Bg5 e6 7 f4 Be7 8 Qf3 Qc7 9 0-0-0 Nbd7} Qc5 (14... Nxf3 $11 {keeps the balance.} 15. Qxf3 hxg5) (14... hxg5 15. Bg3 Bd7 16. h3 Nxf3 17. hxg4 Rxh1 18. Rxh1 Nh4 19. Qf1 Qa5 20. Be1 Qc5 21. Bf2 Qa5 22. Bd4 e5 23. Be3 Rc8 {1-0 (36) Savchenko,B (2567)-Lu,S (2615) Olongapo City 2015}) 15. Kb1 Bd7 (15... Qe3 $14) 16. Bg3 (16. Nxe5 $16 Nxe5 17. Bf2) 16... hxg5 $14 17. h3 Nxf3 $1 ({Wrong is} 17... Ne3 $2 18. Bf2 $16) 18. hxg4 $146 ({Predecessor:} 18. gxf3 Ne5 19. Bf2 Qa5 20. Bd4 Rh4 21. Bf2 Rh7 {½-½ (31) Westerinen,H (2281)-Johansson,J (2142) Finland 2014}) 18... Rxh1 $1 19. Rxh1 Ne5 20. Rh8+ Bf8 21. Bf2 {[%cal Bg3f2,Bf2d4,Bd4b6][%mdl 32]} Qa5 22. Bd4 O-O-O 23. Qf2 (23. Rh7 $14) 23... Re8 (23... Bg7 $11 24. Bb6 Qxb6 25. Qxb6 Rxh8) 24. Be2 Nc6 25. Bb6 Qe5 26. Rh7 f6 {[#]} (26... Be7 $14) 27. g3 (27. Bxa6 $1 $16 bxa6 28. Qf1) 27... Be7 28. a3 Bd8 29. Rf7 Bxb6 30. Qxb6 {Threatens to win with Rxd7.} Qd4 31. Qb3 (31. Qxd4 $1 $11 Nxd4 32. Rxf6) 31... Na5 (31... b5 $15) 32. Qb4 $40 {[%mdl 128] White has some attack.} Nc6 {[%cal Ba5c6,Bc6d4,Bd4f3][%mdl 32]} 33. Qxd4 Nxd4 34. Bd3 Nf3 35. Rxf6 Ne5 36. Rh6 Re7 37. Be2 Kc7 38. Rh5 Rg7 (38... Be8 $5 {[%cal Re8h5]} 39. Rxg5 Bg6 $11) 39. Kc1 b5 40. Kd2 Nf7 41. Ke3 Kb6 42. Rh1 Ne5 43. Rh8 Ng6 44. Rh6 Ne5 45. Na2 Re7 46. Nc1 Be8 47. Nb3 Bf7 48. Nd4 Bg6 49. c3 Re8 50. Rh1 Re7 51. Rh8 Bf7 ({Better is} 51... Kc7) 52. b3 (52. Kd2 $142) 52... Rc7 53. Kd2 Re7 54. Rh7 Re8 55. a4 (55. Nf3 $16 {Strongly threatening Nxe5.} Nxf3+ 56. Bxf3) 55... bxa4 $14 56. bxa4 Ka5 (56... a5 $14) 57. Kc1 (57. Nf3 $16 Nxf3+ 58. Bxf3) 57... Rb8 $2 {[%mdl 8192] [#]} ({Black should try} 57... Kxa4 $14 58. Bxa6 Ka5) 58. Rxf7 $1 {[%mdl 512] Precision: White = 49%, Black = 28%.} 1-0

[Event "ROU-chT Men Superliga 2018"]
[Site "Sovata"]
[Date "2018.11.30"]
[Round "7"]
[White "Vavric, Pavel"]
[Black "Visakh N R"]
[Result "0-1"]
[WhiteElo "2351"]
[BlackElo "2489"]
[Annotator "TA"]
[PlyCount "44"]
[EventDate "2018.11.24"]
[EventType "team-tourn"]
[EventCountry "ROU"]
[SourceTitle "playchess.com"]
[Source "ChessBase"]
[SourceQuality "1"]

{[%evp 15,44,-44,-8,-39,0,3,24,-46,0,-25,-20,-19,0,0,0,-29,-15,-31,-32,-115,-114,-103,-104,-108,-107,-212,-175,-386,-376,-367,-341]} 1. d4 Nf6 2. Nf3 e6 3. c4 d5 4. g3 Bb4+ 5. Nbd2 dxc4 6. Bg2 b5 {E04: Open Catalan: 5 Nf3} 7. a4 c6 8. O-O O-O {LiveBook: 48 Games. Black is slightly better.} 9. b3 (9. Ne1 Nd5 10. e4 Nb6 11. a5 N6d7 12. e5 Bb7 13. Ne4 Na6 14. Bg5 {½-½ (44) Wang,H (2709)-Ding,L (2777) Huaian 2017}) 9... cxb3 10. Nxb3 a5 $146 ({Predecessor:} 10... Bc3 11. Rb1 b4 12. Ne5 Nd5 13. Bd2 Bxd2 14. Qxd2 f6 {0-1 (14) Alava Moreno,F (2262)-Noble,M (2305) LSS email 2008}) 11. Bg5 (11. Bd2 $11) 11... bxa4 12. Rxa4 Ba6 13. Qa1 Qd6 14. Bf4 Qd8 15. Rc1 Nd5 16. Bxb8 Qxb8 17. Nxa5 (17. e4 $15 Nb6 18. Ra2) 17... Bb5 $36 {[%mdl 2048] Keeping White busy.} (17... Bxe2 $6 18. Nxc6 Qb7 19. Rxa8 $11) 18. Ra2 Qa7 {[%cal Rb4a5]} 19. e4 Nf6 (19... Bxa5 20. exd5 cxd5 21. Rc5 $16) 20. Ne5 (20. Rcc2 $17 {was called for.} Bxa5 21. Ra3) 20... Bxa5 $19 21. Nc4 $2 (21. Bf1 {might work better.}) 21... Bxc4 22. Rxc4 {[#]} Bc3 $1 {[%mdl 576] Discovered Attack (Double check). Accuracy: White = 25%, Black = 60%.} 0-1

[Event "ROU-chT Men Superliga 2018"]
[Site "Sovata"]
[Date "2018.11.30"]
[Round "7"]
[White "Manea, Alexandru"]
[Black "Georgescu, Tiberiu-Marian"]
[Result "1/2-1/2"]
[WhiteElo "2347"]
[BlackElo "2505"]
[Annotator "TA"]
[PlyCount "54"]
[EventDate "2018.11.24"]
[EventType "team-tourn"]
[EventCountry "ROU"]
[SourceTitle "playchess.com"]
[Source "ChessBase"]
[SourceQuality "1"]

{[%evp 22,54,31,28,27,12,10,10,15,17,17,15,24,24,22,22,27,18,35,37,84,92,82,83,108,107,110,76,97,8,10,9,14,-30,0]} 1. e4 e5 {[%cal Be7e5,Be5d4][%mdl 32]} 2. Nf3 Nc6 3. d4 exd4 4. Bc4 Bc5 5. c3 Nf6 6. e5 d5 7. Bb5 Ne4 8. cxd4 Bb6 9. Nc3 O-O 10. Be3 {C54: Giuoco Piano: 4 c3 Nf6, main lines with 5 d4 and 5 d3} Ne7 (10... Bg4 11. h3 Bh5 12. Qc2 Bg6 13. Qb3 Ne7 14. O-O c6 15. Bd3 Kh8 16. Nh4 c5 17. Nxg6+ fxg6 18. Bxe4 cxd4 19. Nxd5 Nxd5 {1-0 (51) Jones,G (2677)-Aronian,L (2780) Douglas 2018}) 11. Bd3 Bf5 12. O-O {LiveBook: 6 Games. White is slightly better.} Qd7 13. Na4 Nd2 $146 ({Predecessor:} 13... Bg6 14. Nh4 f5 15. g3 h6 16. Nxb6 axb6 17. Nxg6 Nxg6 {0-1 (34) Krejic,I (2301)-Somborski,N (2351) Sombor 2008}) 14. Qxd2 {[#] aiming for b3.} Qxa4 15. Bxf5 Nxf5 16. Qd3 g6 17. b3 Qd7 18. Bg5 c6 19. Rae1 Rfe8 20. h3 c5 21. dxc5 Bxc5 22. Rd1 d4 23. Bf6 Qd5 24. g4 Ne7 25. a3 (25. Nxd4 $16 {Black must now prevent Qg3.} Rad8 26. e6 Bxd4 27. Qxd4 Qxd4 28. exf7+ (28. Bxd4 fxe6 29. Bxa7 Ra8 $16) (28. Rxd4 Rxd4 29. exf7+ Kxf7 $16) 28... Kxf7 29. Bxd4) 25... Nc6 $11 26. b4 Be7 27. Rfe1 a6 {Accuracy: White = 51%, Black = 46%.} 1/2-1/2

[Event "ROU-chT Men Superliga 2018"]
[Site "Sovata"]
[Date "2018.11.30"]
[Round "7"]
[White "Ionescu, Doru-Alexandru"]
[Black "Szabo, Attila"]
[Result "1/2-1/2"]
[WhiteElo "2321"]
[BlackElo "2263"]
[Annotator "RC"]
[PlyCount "67"]
[EventDate "2018.11.24"]
[EventType "team-tourn"]
[EventCountry "ROU"]
[SourceTitle "playchess.com"]
[Source "ChessBase"]
[SourceQuality "1"]
[TimeControl "40/5400+30:1800+30"]

1. c4 {[%emt 0:00:00]} c5 {[%emt 0:00:00]} 2. g3 {[%emt 0:00:00]} g6 {[%emt 0:00:14]} 3. Bg2 {[%emt 0:00:00]} Bg7 {[%emt 0:00:06]} 4. Nc3 {[%emt 0:00:00]} Nc6 {[%emt 0:00:33]} 5. d3 {[%emt 0:00:11]} d6 {[%emt 0:02:17]} 6. e3 {[%emt 0:00:16]} e5 {[%emt 0:02:04]} 7. Nge2 {[%emt 0:00:07]} Nge7 {[%emt 0:00:08]} 8. O-O {[%emt 0:00:25]} O-O {[%emt 0:00:06]} 9. a3 {[%emt 0:01:46]} a5 {[%emt 0:02:19]} 10. Rb1 {[%emt 0:00:54]} Rb8 {[%emt 0:01:50]} 11. Bd2 {[%emt 0:03:20]} Bf5 {[%emt 0:04:50]} 12. Qc2 {[%emt 0:02:52]} b6 {[%emt 0:10:14]} 13. Nd5 {[%emt 0:22:25]} Nxd5 {[%emt 0:07:22]} 14. Bxd5 {[%emt 0:00:57]} Ne7 {[%emt 0:08:33]} 15. Bg2 {[%emt 0:04:09]} Qd7 {[%emt 0:03:14]} 16. b4 {[%emt 0:21:55]} axb4 {[%emt 0:03:07]} 17. axb4 {[%emt 0:00:05]} Rfc8 {[%emt 0:13:36]} 18. Nc3 {[%emt 0:08:15]} Be6 {[%emt 0:13:06]} 19. Qa4 {[%emt 0:05:43]} Qd8 {[%emt 0:00:57]} 20. Rfd1 {[%emt 0:05:58]} d5 {[%emt 0:06:50]} 21. cxd5 {[%emt 0:10:12]} Nxd5 {[%emt 0:00:35]} 22. bxc5 {[%emt 0:00:33]} Nxc3 {[%emt 0:01:19]} 23. Bxc3 {[%emt 0:00:05]} Rxc5 {[%emt 0:01:48]} 24. Bb4 {[%emt 0:01:19]} Rcc8 {[%emt 0:01:48]} 25. Qa3 {[%emt 0:04:19]} Bd5 {[%emt 0:01:29]} 26. Bh3 {[%emt 0:02:55]} Ra8 {[%emt 0:00:40]} 27. Rbc1 {[%emt 0:03:02]} Rxa3 {[%emt 0:02:10]} 28. Rxc8 {[%emt 0:00:02]} Qxc8 {[%emt 0:00:07]} 29. Bxc8 {[%emt 0:00:05]} Rb3 {[%emt 0:00:13]} 30. Be7 {[%emt 0:01:11]} Bf3 {[%emt 0:00:22]} 31. Rc1 {[%emt 0:00:13]} Rxd3 {[%emt 0:04:09]} 32. Ba6 {[%emt 0:00:09]} Rd1+ {[%emt 0:00:15]} 33. Rxd1 {[%emt 0:00:06]} Bxd1 {[%emt 0:00:04]} 34. Bd8 {[%emt 0:00:05]} 1/2-1/2

[Event "ROU-chT Men Superliga 2018"]
[Site "Sovata"]
[Date "2018.11.30"]
[Round "7"]
[White "Ileana, George"]
[Black "Dicu, Razvan-Stefan"]
[Result "0-1"]
[WhiteElo "2318"]
[BlackElo "2274"]
[Annotator "TA"]
[PlyCount "160"]
[EventDate "2018.11.24"]
[EventType "team-tourn"]
[EventCountry "ROU"]
[SourceTitle "playchess.com"]
[Source "ChessBase"]
[SourceQuality "1"]

{[%evp 24,160,36,33,46,0,1,7,7,0,15,-87,-69,-92,-54,-66,29,-76,-81,-76,-12,-30,0,0,38,0,0,-72,-75,-70,-58,-49,-50,-51,-62,-58,-43,-123,-121,-114,-130,-135,0,-36,0,-136,-128,-128,-125,-123,-114,-210,-189,-459,-435,-2094,-1703,-1837,-2068,-1939,-1800,-1757,-1607,-1465,-1028,-865,-793,-12832,-9234,-2448,-2122,-2001,-2824,-12839,-12839,-12840,-12840,-12841,-12840,-12841,-12841,-12839,-2608,-12837,-12837,-12837,-2839,-2756,-12363,-12363,-2732,-2732,-2085,-1697,0,-12837,-12838,-12838,-12839,-2888,-12837,-12841,-12841,-12841,-12842,-12842,-12842,-12842,0,-12842,-12841,-12843,-12843,-12844,-12844,-12846,-12847,-12848,-12848,-12849,-12849,-12850,-12848,-12850,-12851,-27998,-27998,-27999,-27999,-27998,-27998,-27999,-27999,-27996,-27998,-27998,-27998,-27999,-27999]} 1. e4 c5 2. Nf3 e6 3. d4 cxd4 4. Nxd4 Nf6 5. Nc3 d6 6. g4 h6 7. h3 a6 8. Be3 g5 {B81: Sicilian Scheveningen: Keres Attack} 9. Bg2 Nfd7 10. Qe2 Ne5 11. O-O-O Nbd7 12. f4 (12. h4 Rg8 13. hxg5 hxg5 14. Kb1 b5 15. f4 gxf4 16. Bxf4 Bb7 {½-½ (56) Karjakin,S (2773)-Mamedyarov,S (2801) Saint Louis 2018}) 12... gxf4 13. Bxf4 {LiveBook: 27 Games} Qc7 14. Nf3 b5 15. Nxe5 dxe5 16. Be3 $146 ({Predecessor:} 16. Bg3 Bb7 {½-½ (45) Guerrero Sierra,J (2343)-Zaika,D (2043) Moscow 2018}) 16... Bb7 17. g5 (17. Qf2 $11) 17... hxg5 18. Bxg5 Rc8 19. Rd3 Bc5 (19... b4 $15 20. Nd1 f6) 20. Be3 (20. a3 $11 {remains equal.}) 20... b4 $17 21. Nd1 Bc6 (21... a5 $17 {aiming for ...Ba6.} 22. Rd2 a4) 22. Rd2 $1 $11 Bb5 23. Qf2 Nb6 {And now ...Nc4 would win.} 24. Bf1 (24. Bxc5 {keeps more tension.} Qxc5 25. Ne3 Nc4 26. Nxc4 Qxf2 27. Nd6+) 24... Bxf1 $40 {[%mdl 128] Black has some attack.} 25. Qxf1 {[#]} (25. Qf6 $11 {keeps the balance.} Rxh3 26. Rg1) 25... Nc4 $1 $17 {[%cal Rc4e3][%mdl 512]} 26. Qxc4 Bxe3 {[%mdl 64] Discovered Attack} 27. Nxe3 Qxc4 28. Nxc4 Rxc4 {[%mdl 4096] Endgame KRR-KRR} 29. Rd6 Rg8 30. Rhd1 (30. Rxa6 $15 Rg2 31. Ra8+ Ke7 32. Ra7+ Ke8 33. Ra8+ Ke7 34. Ra7+ Kf8 35. Rf1 Rcxc2+ 36. Kd1) 30... Rg2 31. R1d2 Rg1+ 32. Rd1 Rg2 (32... Rxd1+ $17 33. Kxd1 a5) 33. R1d2 $1 $15 {[%cal Rd2g2]} Rg1+ (33... Rg6 $15) 34. Rd1 $17 Rxd1+ 35. Kxd1 {KR-KR} a5 ({But not} 35... Rxe4 $6 36. Rxa6 Rh4 37. Ra4 $11) 36. Ra6 Rd4+ 37. Kc1 (37. Ke2 $17) 37... Rxe4 $19 38. Rxa5 $2 {[#]} (38. Kd2 {keeps fighting.}) 38... f5 $1 {[%cal Rf5f4]} 39. a4 {[#]} (39. Ra8+ $142 Kf7 40. a3) 39... f4 $1 {[%cal Rf4f3]} 40. Ra8+ Ke7 41. Ra7+ Kf8 42. Ra8+ Kf7 43. Ra7+ Kg6 44. Ra8 Rd4 45. a5 e4 46. c3 bxc3 47. bxc3 Rd7 48. a6 e3 49. a7 e2 50. Rg8+ Kf5 51. a8=Q e1=Q+ {[%mdl 64] Double Attack. KQR-KQR} 52. Kb2 Rd2+ (52... Qd2+ $142 53. Kb3 Qd1+ 54. Kb2 Rd2+ 55. Ka3 Qc1+ 56. Kb4 Rb2+ 57. Kc5 Qxc3+ {[%mdl 64] Double Attack} 58. Kd6 Rd2+ 59. Ke7 Qc7+ 60. Ke8 Qd7+ 61. Kf8 Qd8+ 62. Qxd8 Rxd8+ 63. Kf7 Rxg8 64. Kxg8 f3 65. Kf7 f2 66. Ke8 f1=Q 67. Kd8 e5 68. Ke7 Qc4 69. Kd6 e4 70. h4 e3 71. Kd7 e2 72. Ke7 e1=Q+ {[%mdl 64] Double Attack} 73. Kd8 Qc5 74. h5 Qee7#) 53. Kb3 Qb1+ 54. Kc4 Qd3+ (54... Qe4+ $142 55. Qxe4+ Kxe4) 55. Kb3 Qb5+ 56. Ka3 Qb2+ (56... Qc5+ $142 57. Kb3 Qb5+ 58. Ka3 Rb2 59. Qf8+ Ke4 60. Qa8+ Ke3 61. Qa7+ Qb6 62. Qxb6+ Rxb6) 57. Ka4 Qa1+ 58. Kb4 Qb1+ (58... Qxa8 $142 59. Rxa8 f3) 59. Kc4 $1 Qe4+ 60. Kb3 Qxa8 61. Rxa8 {KR-KR} e5 62. c4 Rd3+ 63. Kc2 Rxh3 64. c5 Rh6 65. Kd3 Rh3+ $2 (65... e4+ $19 66. Kd4 e3) 66. Kc4 $2 {[%mdl 8192]} (66. Kc2 $11 Ke4 67. c6) 66... Ke4 67. c6 Rh1 68. Kc5 f3 69. Kd6 f2 70. c7 Rd1+ 71. Ke6 f1=Q {( -> ...Qf5+)} 72. c8=Q Qf5+ 73. Ke7 Qxc8 74. Rxc8 {KR-KR} Kf3 {Black mates.} 75. Rc3+ Kf4 76. Ke6 e4 {[%cal Be5e4,Be4e3][%mdl 32]} 77. Rc4 Kf3 78. Ke5 Rd8 79. Ra4 e3 80. Rf4+ Kg3 {Accuracy: White = 44%, Black = 58%.} 0-1

[Event "ROU-chT Men Superliga 2018"]
[Site "Sovata"]
[Date "2018.11.30"]
[Round "7"]
[White "Banzea, Alexandru-Bogdan"]
[Black "Moldovan, Daniel"]
[Result "1-0"]
[WhiteElo "2313"]
[BlackElo "2406"]
[Annotator "TA"]
[PlyCount "49"]
[EventDate "2018.11.24"]
[EventType "team-tourn"]
[EventCountry "ROU"]
[SourceTitle "playchess.com"]
[Source "ChessBase"]
[SourceQuality "1"]

{[%evp 27,49,4,-9,-37,-34,-76,0,-117,-122,-114,-110,-113,-116,-159,-181,-166,-138,-140,-142,-143,-140,-199,108,93]} 1. e4 c5 2. Nf3 d6 3. d4 cxd4 4. Nxd4 Nf6 5. Nc3 Bd7 6. Bg5 e6 7. Qd2 a6 8. f3 Nc6 9. O-O-O Qc7 10. Kb1 Be7 11. h4 h6 {B67: Sicilian: Richter-Rauzer: 7...a6 8 0-0-0 Bd7, lines without 9 f4 Be7} 12. Be3 h5 13. Bg5 Ne5 14. f4 (14. Bd3 b5 15. Rhe1 b4 16. Nce2 a5 17. f4 Neg4 18. Ng1 {½-½ (91) Short,N (2678)-Li,C (2732) Riadh 2017}) 14... Neg4 {LiveBook: 17 Games} 15. Qe1 b5 {aiming for ...b4.} 16. Bd3 Qa7 $146 (16... b4 $17 17. Nce2 Ne3) ({Predecessor:} 16... b4 17. Nce2 a5 18. Ng3 Qb6 19. e5 Qxd4 {1-0 (38) Narayanan,S (2381)-Dubov,D (2372) Kirishi 2009}) 17. e5 (17. Be2 $11 {keeps the balance.}) 17... Qxd4 $17 18. exf6 gxf6 {[%mdl 64] [#] Trapped Piece} 19. f5 {And now fxe6 would win.} Qe5 (19... fxg5 20. fxe6 Bc6 21. exf7+ Kf8 22. Bxb5 $14) 20. Be4 d5 ({Inferior is} 20... fxg5 21. Bxa8 Qxe1 22. Rhxe1 $11 (22. Rdxe1 gxh4 23. fxe6 fxe6 $11)) 21. fxe6 fxe6 22. Nxd5 exd5 23. Rxd5 Qe6 24. Bd2 (24. Rxd7 $17 Kxd7 25. Rf1) 24... Ne5 $2 {[#]} ({Black should try} 24... Rc8 $19 {White must now prevent ...Rc5.} 25. Bc3 Kf8) 25. Rxe5 $1 {[%mdl 576] Discovered Attack (Double check). Accuracy: White = 37%, Black = 38%.} 1-0

[Event "ROU-chT Men Superliga 2018"]
[Site "Sovata"]
[Date "2018.11.30"]
[Round "7"]
[White "Nastase, Robert-Paul"]
[Black "Itkis, Boris"]
[Result "1-0"]
[WhiteElo "2296"]
[BlackElo "2325"]
[Annotator "NA RC"]
[PlyCount "55"]
[EventDate "2018.11.24"]
[EventType "team-tourn"]
[EventCountry "ROU"]
[SourceTitle "playchess.com"]
[Source "ChessBase"]
[SourceQuality "1"]
[TimeControl "40/5400+30:1800+30"]

1. e4 {[%emt 0:00:00]} c6 {[%emt 0:00:00]} 2. d4 {[%emt 0:00:00]} d5 {[%emt 0:00:00]} 3. Nd2 {[%emt 0:00:00]} dxe4 {[%emt 0:00:09]} 4. Nxe4 {[%emt 0:00:00]} Bf5 {[%emt 0:00:22]} 5. Ng3 {[%emt 0:00:00]} Bg6 {[%emt 0:00:06]} 6. h4 {[%emt 0:00:00]} h6 {[%emt 0:00:07]} 7. Nf3 {[%emt 0:00:00]} e6 {[%emt 0:01:27]} 8. Ne5 {[%emt 0:01:00]} Bh7 {[%emt 0:01:51]} 9. Bd3 {[%emt 0:02:14]} Bxd3 {[%emt 0:00:40]} 10. Qxd3 {[%emt 0:00:05]} Nd7 {[%emt 0:00:03] B19: Classical Caro-Kann: 4...Bf5 main line} 11. f4 {[%emt 0:00:07]} Be7 {[%emt 0:01:29]} 12. Nh5 {[%emt 0:00:06]} Ndf6 $146 {[%emt 0:09:23]} ({Predecessor:} 12... Ngf6 13. Nxg7+ Kf8 14. Nxe6+ fxe6 15. Bd2 Rh7 16. Rh3 c5 17. O-O-O cxd4 18. Rg3 {½-½ (29) Balogh,C (2625)-Rodshtein,M (2674) Czech Republic 2018}) 13. Nxg7+ {[%emt 0:16:49]} Kf8 {[%emt 0:00:05]} 14. f5 {[%emt 0:05:02]} ({Don't take} 14. Nxe6+ $6 fxe6 15. f5 (15. Qg6 Rh7 $17) (15. Ng6+ Kg7 $14) 15... Rh7 $11) 14... Rh7 {[%emt 0:12:01]} 15. fxe6 {[%emt 0:19:43]} Rxg7 {[%emt 0:00:07]} 16. exf7 {[%emt 0:00:11]} Rxf7 {[%emt 0:00:18]} 17. Nxf7 {[%emt 0:00:25]} Kxf7 {[%emt 0:00:05]} 18. O-O {[%emt 0:05:03]} Qd7 {[%emt 0:11:51]} (18... Kg7 $142) 19. Bxh6 $2 {[%emt 0:08:39]} ({White should try} 19. Qh7+ $18 Ke8 20. Qd3) 19... Nxh6 {[%emt 0:22:57]} 20. Qh7+ {[%emt 0:00:06]} Ke8 {[%emt 0:00:02]} 21. Qxh6 {[%emt 0:00:05]} Qxd4+ {[%emt 0:01:06]} 22. Kh1 {[%emt 0:00:05]} Nd5 {[%emt 0:00:39]} 23. Rae1 {[%emt 0:03:16]} Kd8 {[%emt 0:06:07]} 24. Rf7 {[%emt 0:04:37]} Qb4 {[%emt 0:15:21]} 25. c3 {[%emt 0:01:26]} Qc5 {[%emt 0:09:14]} 26. Qh8+ $18 {[%emt 0:01:32]} Kc7 {[%emt 0:03:55]} 27. Qxa8 {[%emt 0:00:11]} Kb6 {[%emt 0:00:17]} 28. Rfxe7 {[%emt 0:00:09]} 1-0